000 00961nam a22003137a 4500
001 000621
003 DO-SdBNP
005 20180206111734.0
007 000621
008 161028b 1992 sp ||||| |||| 00| 0 spa d
020 _a8434814269
040 _aBPMSU
_bspa
_cBPMSU
041 1 7 _aspa
_hfre
092 _axxxx
_bxxxx
100 1 _aCamus, William,
_d1923-
240 1 0 _aOuti-Tanka, jeune bison.
_lEspañol
245 1 0 _aUti-Tanka, pequeño bisonte /
_cWilliam Camus ; traducción del francés Guillermo Solana; ilustraciones y cubierta Teo Puebla.
250 _a7ª ed.
260 _aMadrid :
_bSM,
_c1992.
300 _a243 p. :
_bil. ;
_c19 cm.
490 1 _aEl l barco de vapor
_v17
500 _aA partir de 12 años.
700 1 2 _aSolana, Guillermo,
_etr.
700 1 2 _aPuebla, Teo,
_eil.
830 _aEl barco de vapor ;
_v17
942 _2ddc
_cBK
945 _ainventariado, 2018 / dg
956 _aLOPEREZ
_210
_320161028
_6BPMSU
_800041
999 _c8442
_d8442